000
00265nam a2200097Ia 4500
001
685715
005
20250826161522.0
008
250824s9999 xx 000 0 und d
245
0
_a
Kur’an Kıssalarına Giriş/
_c
Prof. Dr. M. Said Şimşek
260
_b
KİTAP DÜNYASI
999
_c
685715
_d
685715